MARC
| LEADER | 00000cam a2200000 7i4500 | ||
|---|---|---|---|
| 001 | 0000068666 | ||
| 005 | 20161210.0 | ||
| 008 | 161210 | ||
| 020 | |a 9780090267710 | ||
| 090 | 0 | 0 | |a 294.3 |b SUZ |
| 100 | 0 | |a Suzuki, D.T. | |
| 245 | 1 | 0 | |a Essays in zen buddhism |c D. T. Suzuki |
| 260 | |a London : |b Rider , |c 1985 | ||
| 300 | |a 387p. | ||
| 500 | |a Includes index | ||
| 650 | 0 | |a Buddhism | |
| 999 | |a 0000153509 |b Book |c Adult Collection |e Cawangan Muar | ||